Kader Eintracht Frankfurt - Statistiken

Allgemein
  • Dieses Quiz wurde 628 mal gespielt
    314 seit der letzten Aktualisierung
  • Das Durchschnittsergebnis liegt bei 17 aus 42
Antwortstatistiken
# Spieler % Korrekt
1 Kevin Trapp
99%
27 Mario Götze
81%
4 Robin Koch
74%
17 Sebastian Rode
72%
35 Tuta
72%
20 Makoto Hasebe
71%
7 Omar Marmoush
71%
9 Randal Kolo Muani
71%
36 Ansgar Knauff
65%
3 Willian Pacho
63%
Dino Toppmöller
59%
33 Jens Grahl
56%
31 Philipp Max
56%
24 Aurélio Buta
55%
26 Junior Dina Ebimbe
55%
16 Hugo Larsson
50%
15 Ellyes Skhiri
48%
29 Jesper Lindstrøm
48%
22 Timothy Chandler
47%
5 Hrvoje Smolčić
45%
19 Rafael Borré
45%
6 Kristijan Jakić
40%
8 Djibril Sow
39%
23 Jens Petter Hauge
34%
18 Jessic Ngankam
30%
21 Lucas Alario
30%
30 Paxten Aaronson
29%
25 Christopher Lenz
28%
40 Diant Ramaj
28%
48 Nacho Ferri
24%
41 Simon Simoni
20%
11 Faride Alidou
19%
42 Igor Matanovic
18%
28 Marcel Wenig
16%
46 Dario Gebuhr
12%
37 Ragnar Ache
11%
45 Mehdi Loune
10%
43 Noel Futkeu
8%
38 Ali Akman
7%
44 Davis Bautista
7%
49 Harpeet Ghotra
7%
39 Jérôme Onguéné
7%
Keine übereinstimmenden Quizze gefunden
Verteilung der Resultate
Anzahl Personen mit jedem Resultat
Perzentil nach korrekt beantworteten Fragen
Ihre Resultats-Entwicklung
Sie haben dieses Quiz seit der letzten Aktualisierung nicht gespielt